| 000 | 01680cam a22004814i 4500 | ||
|---|---|---|---|
| 003 | PE-LiUPU | ||
| 005 | 20250731173020.0 | ||
| 008 | 150623s r 000 0 d | ||
| 020 | _a1565632303 | ||
| 035 | _a(Sirsi) i9781565632301 | ||
| 040 |
_aPE-LiUPU _bspa _cPE-LiUPU _erda |
||
| 049 | _aPRUA | ||
| 082 | 0 | 4 |
_a226.06 _bC261954 _221 |
| 100 | 1 |
_aCarroll, John T., _d1954-, _eautor. |
|
| 245 | 1 | 0 |
_aPreaching the hard sayings of Jesus / _cJohn T. Carroll. |
| 264 | 1 |
_aPeabody, Massachusetts : _bHendrickson Publishers, _c1998. |
|
| 300 |
_a174 páginas ; _c22 centímetros |
||
| 336 |
_atext _2rdacontent |
||
| 337 |
_aunmediated _2rdamedia |
||
| 338 |
_avolume _2rdacarrier |
||
| 504 | _aIncluye bibliografía. | ||
| 505 | 0 | _aThe scandal of Grace. -The cost of Grace. -The offense of judment. -A Jesus hard to understand two elusive parables. -The offense of Jesus's humanity. | |
| 526 | _aSEG42 | ||
| 526 | _aSEG41 | ||
| 526 | _aSEG40 | ||
| 526 | _aSEG39 | ||
| 526 | _aP94 | ||
| 526 | _aP87 | ||
| 526 | _aP86 | ||
| 526 | _aP85 | ||
| 526 | _aP77 | ||
| 526 | _aP76 | ||
| 526 | _aP35 | ||
| 600 | 1 |
_aJesucristo _xEnseñanzas _9933 |
|
| 630 |
_aBiblia. _pN.T. _pEvangelios _xUso homilético. |
||
| 700 | 1 | _aJames R. Carroll. | |
| 942 |
_2ddc _cBOOK |
||
| 949 |
_a226.06 C26 1954 _wDEWEY _c1 _i47406 _lCCODEBUL1 _mBUL _r0 _sY _tBOOK _u2015-6-24 _xTEOLOGIA _PP35 _0COMPRA _o.STAFF. Colección General |
||
| 994 |
_aC0 _bPEPRU |
||
| 596 | _a1 | ||
| 999 |
_a226.06 C26 1954 _wDEWEY _c23963 _i47406 _f2021-11-9 _g5 _lCCODEBUL1 _mBUL _r0 _sY _tBOOK _u2015-6-24 _xTEOLOGIA _PP35 _0COMPRA _o.STAFF. Colección General _d23963 |
||
| 980 |
_81 _gALBERTO SANCHEZ Responsable de Automatización |
||